<?xml version="1.0" encoding="UTF-8"?>
<record
    xmlns:xsi="http://www.w3.org/2001/XMLSchema-instance"
    xsi:schemaLocation="http://www.loc.gov/MARC21/slim http://www.loc.gov/standards/marcxml/schema/MARC21slim.xsd"
    xmlns="http://www.loc.gov/MARC21/slim">

  <leader>00404nam a22001697a 4500</leader>
  <controlfield tag="003">OSt</controlfield>
  <controlfield tag="005">20250908143637.0</controlfield>
  <controlfield tag="007">577 pages</controlfield>
  <controlfield tag="008">250908b        |||||||| |||| 00| 0 eng d</controlfield>
  <datafield tag="020" ind1=" " ind2=" ">
    <subfield code="a">9789355325891</subfield>
  </datafield>
  <datafield tag="040" ind1=" " ind2=" ">
    <subfield code="c"> </subfield>
  </datafield>
  <datafield tag="082" ind1=" " ind2=" ">
    <subfield code="2">7</subfield>
    <subfield code="a">005.133</subfield>
    <subfield code="b">BAL</subfield>
  </datafield>
  <datafield tag="245" ind1=" " ind2=" ">
    <subfield code="a">Programming with Java</subfield>
    <subfield code="c">Balagursamy,E</subfield>
  </datafield>
  <datafield tag="250" ind1=" " ind2=" ">
    <subfield code="a">7</subfield>
  </datafield>
  <datafield tag="260" ind1=" " ind2=" ">
    <subfield code="b">Mcgraw Hill</subfield>
    <subfield code="c">2024</subfield>
  </datafield>
  <datafield tag="942" ind1=" " ind2=" ">
    <subfield code="2">ddc</subfield>
    <subfield code="c">BK</subfield>
    <subfield code="e">7</subfield>
    <subfield code="k">005.133</subfield>
    <subfield code="m">BAL</subfield>
    <subfield code="n">0</subfield>
  </datafield>
  <datafield tag="999" ind1=" " ind2=" ">
    <subfield code="c">36248</subfield>
    <subfield code="d">36248</subfield>
  </datafield>
  <datafield tag="952" ind1=" " ind2=" ">
    <subfield code="0">0</subfield>
    <subfield code="1">0</subfield>
    <subfield code="2">ddc</subfield>
    <subfield code="4">0</subfield>
    <subfield code="7">0</subfield>
    <subfield code="8">Computers</subfield>
    <subfield code="a">1234</subfield>
    <subfield code="b">CRCE</subfield>
    <subfield code="d">2025-09-08</subfield>
    <subfield code="g">895.00</subfield>
    <subfield code="i">AO/25/8/360 dt 1.9.2025</subfield>
    <subfield code="l">1</subfield>
    <subfield code="o">005.133/BAL</subfield>
    <subfield code="p">26777</subfield>
    <subfield code="r">2025-11-19</subfield>
    <subfield code="s">2025-10-14</subfield>
    <subfield code="w">2025-09-08</subfield>
    <subfield code="y">BK</subfield>
  </datafield>
  <datafield tag="952" ind1=" " ind2=" ">
    <subfield code="0">0</subfield>
    <subfield code="1">0</subfield>
    <subfield code="2">ddc</subfield>
    <subfield code="4">0</subfield>
    <subfield code="7">0</subfield>
    <subfield code="8">Computers</subfield>
    <subfield code="a">1234</subfield>
    <subfield code="b">428</subfield>
    <subfield code="d">2025-09-08</subfield>
    <subfield code="g">895.00</subfield>
    <subfield code="i">AO/25/8/360 dt 1.9.2025</subfield>
    <subfield code="l">2</subfield>
    <subfield code="o">005.133/BAL</subfield>
    <subfield code="p">26778</subfield>
    <subfield code="r">2025-11-27</subfield>
    <subfield code="s">2025-11-12</subfield>
    <subfield code="w">2025-09-08</subfield>
    <subfield code="y">BK</subfield>
  </datafield>
  <datafield tag="952" ind1=" " ind2=" ">
    <subfield code="0">0</subfield>
    <subfield code="1">0</subfield>
    <subfield code="2">ddc</subfield>
    <subfield code="4">0</subfield>
    <subfield code="7">0</subfield>
    <subfield code="8">Computers</subfield>
    <subfield code="a">1234</subfield>
    <subfield code="b">428</subfield>
    <subfield code="d">2025-09-08</subfield>
    <subfield code="g">895.00</subfield>
    <subfield code="i">AO/25/8/360 dt 1.9.2025</subfield>
    <subfield code="l">1</subfield>
    <subfield code="o">005.133/BAL</subfield>
    <subfield code="p">26779</subfield>
    <subfield code="r">2026-01-31</subfield>
    <subfield code="s">2026-01-27</subfield>
    <subfield code="w">2025-09-08</subfield>
    <subfield code="y">BK</subfield>
  </datafield>
  <datafield tag="952" ind1=" " ind2=" ">
    <subfield code="0">0</subfield>
    <subfield code="1">0</subfield>
    <subfield code="2">ddc</subfield>
    <subfield code="4">0</subfield>
    <subfield code="7">0</subfield>
    <subfield code="8">Computers</subfield>
    <subfield code="a">1234</subfield>
    <subfield code="b">CRCE</subfield>
    <subfield code="d">2025-09-08</subfield>
    <subfield code="g">895.00</subfield>
    <subfield code="i">AO/25/8/360 dt 1.9.2025</subfield>
    <subfield code="l">1</subfield>
    <subfield code="o">005.133/BAL</subfield>
    <subfield code="p">26780</subfield>
    <subfield code="r">2026-02-12</subfield>
    <subfield code="s">2026-01-31</subfield>
    <subfield code="w">2025-09-08</subfield>
    <subfield code="y">BK</subfield>
  </datafield>
  <datafield tag="952" ind1=" " ind2=" ">
    <subfield code="0">0</subfield>
    <subfield code="1">0</subfield>
    <subfield code="2">ddc</subfield>
    <subfield code="4">0</subfield>
    <subfield code="7">0</subfield>
    <subfield code="8">Computers</subfield>
    <subfield code="a">1234</subfield>
    <subfield code="b">1234</subfield>
    <subfield code="d">2025-09-08</subfield>
    <subfield code="g">895.00</subfield>
    <subfield code="i">AO/25/8/360 dt 1.9.2025</subfield>
    <subfield code="l">0</subfield>
    <subfield code="o">005.133/BAL</subfield>
    <subfield code="p">26781</subfield>
    <subfield code="r">2025-09-08</subfield>
    <subfield code="w">2025-09-08</subfield>
    <subfield code="y">BK</subfield>
  </datafield>
  <datafield tag="952" ind1=" " ind2=" ">
    <subfield code="0">0</subfield>
    <subfield code="1">0</subfield>
    <subfield code="2">ddc</subfield>
    <subfield code="4">0</subfield>
    <subfield code="7">0</subfield>
    <subfield code="8">Computers</subfield>
    <subfield code="a">1234</subfield>
    <subfield code="b">428</subfield>
    <subfield code="d">2025-09-08</subfield>
    <subfield code="g">895.00</subfield>
    <subfield code="i">AO/25/8/360 dt 1.9.2025</subfield>
    <subfield code="l">2</subfield>
    <subfield code="o">005.133/BAL</subfield>
    <subfield code="p">26782</subfield>
    <subfield code="r">2026-02-03</subfield>
    <subfield code="s">2026-01-17</subfield>
    <subfield code="w">2025-09-08</subfield>
    <subfield code="y">BK</subfield>
  </datafield>
  <datafield tag="952" ind1=" " ind2=" ">
    <subfield code="0">0</subfield>
    <subfield code="1">0</subfield>
    <subfield code="2">ddc</subfield>
    <subfield code="4">0</subfield>
    <subfield code="7">0</subfield>
    <subfield code="8">Computers</subfield>
    <subfield code="a">1234</subfield>
    <subfield code="b">428</subfield>
    <subfield code="d">2025-09-08</subfield>
    <subfield code="g">895.00</subfield>
    <subfield code="i">AO/25/8/360 dt 1.9.2025</subfield>
    <subfield code="l">3</subfield>
    <subfield code="m">1</subfield>
    <subfield code="o">005.133/BAL</subfield>
    <subfield code="p">26783</subfield>
    <subfield code="r">2026-02-20</subfield>
    <subfield code="s">2026-02-03</subfield>
    <subfield code="w">2025-09-08</subfield>
    <subfield code="y">BK</subfield>
  </datafield>
  <datafield tag="952" ind1=" " ind2=" ">
    <subfield code="0">0</subfield>
    <subfield code="1">0</subfield>
    <subfield code="2">ddc</subfield>
    <subfield code="4">0</subfield>
    <subfield code="7">0</subfield>
    <subfield code="8">Computers</subfield>
    <subfield code="a">1234</subfield>
    <subfield code="b">428</subfield>
    <subfield code="d">2025-09-08</subfield>
    <subfield code="g">895.00</subfield>
    <subfield code="i">AO/25/8/360 dt 1.9.2025</subfield>
    <subfield code="l">1</subfield>
    <subfield code="o">005.133/BAL</subfield>
    <subfield code="p">26784</subfield>
    <subfield code="r">2025-11-24</subfield>
    <subfield code="s">2025-11-12</subfield>
    <subfield code="w">2025-09-08</subfield>
    <subfield code="y">BK</subfield>
  </datafield>
  <datafield tag="952" ind1=" " ind2=" ">
    <subfield code="0">0</subfield>
    <subfield code="1">0</subfield>
    <subfield code="2">ddc</subfield>
    <subfield code="4">0</subfield>
    <subfield code="7">0</subfield>
    <subfield code="8">Computers</subfield>
    <subfield code="a">1234</subfield>
    <subfield code="b">1234</subfield>
    <subfield code="d">2025-09-08</subfield>
    <subfield code="g">895.00</subfield>
    <subfield code="i">AO/25/8/360 dt 1.9.2025</subfield>
    <subfield code="l">3</subfield>
    <subfield code="o">005.133/BAL</subfield>
    <subfield code="p">26785</subfield>
    <subfield code="r">2026-04-06</subfield>
    <subfield code="s">2026-03-17</subfield>
    <subfield code="w">2025-09-08</subfield>
    <subfield code="y">BK</subfield>
  </datafield>
  <datafield tag="952" ind1=" " ind2=" ">
    <subfield code="0">0</subfield>
    <subfield code="1">0</subfield>
    <subfield code="2">ddc</subfield>
    <subfield code="4">0</subfield>
    <subfield code="7">0</subfield>
    <subfield code="8">Computers</subfield>
    <subfield code="a">1234</subfield>
    <subfield code="b">1234</subfield>
    <subfield code="d">2025-09-08</subfield>
    <subfield code="g">895.00</subfield>
    <subfield code="i">AO/25/8/360 dt 1.9.2025</subfield>
    <subfield code="l">0</subfield>
    <subfield code="o">005.133/BAL</subfield>
    <subfield code="p">26786</subfield>
    <subfield code="r">2025-09-08</subfield>
    <subfield code="w">2025-09-08</subfield>
    <subfield code="y">BK</subfield>
  </datafield>
</record>
